| 000 | 00942nam a2200253 a 4500 | ||
|---|---|---|---|
| 001 | BRCA_835 | ||
| 005 | 20190320203154.0 | ||
| 008 | 930407s1992 mx-a---##b---#001-0#spa-# | ||
| 020 | _a9686893008 | ||
| 041 | _aspa | ||
| 044 | _amx | ||
| 050 | 4 |
_aNK7114 _b.E88 1992 |
|
| 100 | 1 |
_aEsteras Martín, Cristina _92777 |
|
| 245 | 1 | 0 |
_aLa platería del Museo Franz Mayer _bobras escogidas, siglos XVI-XIX _cCristina Esteras Martín. |
| 260 |
_aMéxico _bIndustrias Peñoles _c1992 |
||
| 300 |
_a347 p. _bil. (algunas a color) _c29 cm. |
||
| 500 | _aIncluye índice onomástico e índice geográfico | ||
| 500 | _aLa biblioteca cuenta con 7 ejemplares (1 en el librero 9 y 6 en Oficina Jefatura) | ||
| 504 | _aBibliografía: p. 333-336 | ||
| 610 | 2 | 4 |
_aMuseo Franz Mayer (Ciudad de México) _vCatálogos _92778 |
| 650 | 1 | 4 |
_aTrabajo en plata _vCatálogos _zMéxico _92725 |
| 650 | 1 | 4 |
_aPlatería religiosa _vCatálogos _zMéxico _92779 |
| 942 |
_2lcc _cB |
||
| 999 |
_c730 _d730 |
||